Wszystkie miasta województwa lubuskiego (Bez mapy) - Statystyki

Ogólne statystyki
  • Ten quiz został rozwiązany 12 razy
  • Średni wynik to 34 z 44
Statystyki odpowiedzi
Miasto % Poprawnych
Gorzów Wielkopolski
100%
Kostrzyn nad Odrą
100%
Nowa Sól
100%
Żary
100%
Zielona Góra
100%
Babimost
92%
Drezdenko
92%
Krosno Odrzańskie
92%
Świebodzin
92%
Żagań
92%
Czerwieńsk
83%
Gubin
83%
Lubsko
83%
Sława
83%
Słubice
83%
Sulechów
83%
Sulęcin
83%
Torzym
83%
Witnica
83%
Zbąszynek
83%
Bytom Odrzański
75%
Cybinka
75%
Dobiegniew
75%
Jasień
75%
Kożuchów
75%
Międzyrzecz
75%
Nowe Miasteczko
75%
Skwierzyna
75%
Strzelce Krajeńskie
75%
Wschowa
75%
Gozdnica
67%
Iłowa
67%
Nowogród Bobrzański
67%
Ośno Lubuskie
67%
Rzepin
67%
Brody
58%
Łęknica
58%
Lubniewice
58%
Otyń
58%
Szlichtyngowa
58%
Szprotawa
58%
Kargowa
50%
Małomice
50%
Trzciel
50%
Nie znaleziono quizów pasujących do podanych kryteriów
Rozkład punktacji
Procent ludzi z każdym wynikiem
Percentyl według liczby udzielonych odpowiedzi
Twoja historia wyników
Nie rozwiązałeś tego quizu